|
|
|
|
| LEADER |
01854nam a2200421 i 4500 |
| 001 |
EBC5527498 |
| 003 |
MiAaPQ |
| 005 |
20200220092032.0 |
| 006 |
m o d | |
| 007 |
cr cnu|||||||| |
| 008 |
200220s2018 enka o 000 0 eng d |
| 020 |
|
|
|z 9781783745906
|
| 020 |
|
|
|a 9781783745913 (e-book)
|
| 035 |
|
|
|a (MiAaPQ)EBC5527498
|
| 035 |
|
|
|a (Au-PeEL)EBL5527498
|
| 035 |
|
|
|a (CaPaEBR)ebr11613466
|
| 035 |
|
|
|a (OCoLC)1056074269
|
| 040 |
|
|
|a MiAaPQ
|b eng
|e rda
|e pn
|c MiAaPQ
|d MiAaPQ
|
| 043 |
|
|
|a ff-----
|a aw-----
|a e------
|
| 050 |
|
4 |
|a DG254.2
|b .G553 2018
|
| 082 |
0 |
|
|a 937.05
|2 23
|
| 100 |
1 |
|
|a Gildenhard, Ingo,
|d 1970-
|e author.
|
| 245 |
1 |
0 |
|a Cicero, Philippic 2, 44-50, 78-92, 100-119 :
|b Latin text, study aids with vocabulary, and commentary /
|c Ingo Gildenhard.
|
| 264 |
|
1 |
|a Cambridge, England :
|b Open Book Publishers,
|c [2018]
|
| 264 |
|
4 |
|c 2018
|
| 300 |
|
|
|a 1 online resource (477 pages) :
|b illustrations.
|
| 336 |
|
|
|a text
|b txt
|2 rdacontent
|
| 337 |
|
|
|a computer
|b c
|2 rdamedia
|
| 338 |
|
|
|a online resource
|b cr
|2 rdacarrier
|
| 490 |
1 |
|
|a Classics textbooks ;
|v Volume 6
|
| 588 |
|
|
|a Description based on print version record.
|
| 590 |
|
|
|a Electronic reproduction. Ann Arbor, MI : ProQuest, 2018. Available via World Wide Web. Access may be limited to ProQuest affiliated libraries.
|
| 651 |
|
0 |
|a Rome
|x Politics and government
|y 265-30 B.C.
|
| 655 |
|
4 |
|a Electronic books.
|
| 776 |
0 |
8 |
|i Print version:
|a Gildenhard, Ingo, 1970-
|t Cicero, Philippic 2, 44-50, 78-92, 100-119 : Latin text, study aids with vocabulary, and commentary.
|d Cambridge, England : Open Book Publishers, c2018
|h 477 pages
|k Classics textbooks ; Volume 6.
|z 9781783745906
|
| 797 |
2 |
|
|a ProQuest (Firm)
|
| 830 |
|
0 |
|a Classics textbooks ;
|v Volume 6.
|
| 856 |
4 |
0 |
|u https://ebookcentral.proquest.com/lib/matrademy/detail.action?docID=5527498
|z Click to View
|